Peñalba (Record no. 123673)

MARC details
000 -LEADER
campo de control de longitud fija 00901nam a2200229 i 4500
001 - NÚMERO DE CONTROL
campo de control 123673
003 - IDENTIFICADOR DE NÚMERO DE CONTROL
campo de control ES-MaACL
005 - FECHA Y HORA DE LA ÚLTIMA TRANSACCIÓN
campo de control 20230906192222.0
007 - CAMPO FIJO DE DESCRIPCIÓN FÍSICA--INFORMACIÓN GENERAL
campo de control de longitud fija t|
008 - DATOS DE LONGITUD FIJA--INFORMACIÓN GENERAL
campo de control de longitud fija 070214s1963 sp f |||| | spa d
080 ## - NÚMERO DE LA CLASIFICACIÓN DECIMAL UNIVERSAL
Número de la Clasificación Decimal Universal 914.621.1 Peñalba
080 ## - NÚMERO DE LA CLASIFICACIÓN DECIMAL UNIVERSAL
Número de la Clasificación Decimal Universal 726.75(460.181 Peñalba)
100 1# - ENTRADA PRINCIPAL--NOMBRE DE PERSONA
Nombre de persona Quintana Prieto, Augusto.
9 (RLIN) 94694
245 10 - MENCIÓN DEL TÍTULO
Título Peñalba
Resto del título : estudio histórico sobre el monasterio /
Mención de responsabilidad, etc. Augusto Quintana Prieto.
246 33 - FORMA VARIANTE DEL TITULO
Título propio/Titulo breve Peñalba
Resto del título : estudio histórico sobre el monasterio berciano de Santiago de Peñalba
260 ## - PUBLICACIÓN, DISTRIBUCIÓN, ETC.
Lugar de publicación, distribución, etc. León :
Nombre del editor, distribuidor, etc. [Servicio de Publicaciones, Diputación Provincial de León],
Fecha de publicación, distribución, etc. 1963 (
Fabricante Imp. Provincial)
300 ## - DESCRIPCIÓN FÍSICA
Extensión IV, 128 p., 22 lám. ;
Dimensiones 24 cm.
610 24 - PUNTO DE ACCESO ADICIONAL DE MATERIA--NOMBRE DE ENTIDAD CORPORATIVA
Nombre de entidad corporativa o nombre de jurisdicción como elemento de entrada Monasterio de Santiago de Peñalba.
9 (RLIN) 162019
651 #4 - PUNTO DE ACCESO ADICIONAL DE MATERIA--NOMBRE GEOGRÁFICO
Nombre geográfico Peñalba de Santiago-
Subdivisión general Descripción.
9 (RLIN) 162020
710 1# - ENTRADA AGREGADA--NOMBRE DE ENTIDAD CORPORATIVA
Nombre de entidad corporativa o nombre de jurisdicción como elemento de entrada León (Provincia).
Unidad subordinada Diputación Provincial.
9 (RLIN) 5494
852 ## - LOCALIZACIÓN
Ubicación ES-MaACL
Número de control de estantería C-23802
Holdings
Estatus retirado Estado de pérdida Estado de daño No para préstamo Biblioteca de origen Biblioteca actual Ubicación en estantería Fecha de adquisición Fuente de adquisición Total de préstamos Signatura topográfica completa Código de barras Visto por última vez Precio de reemplazo Tipo de ítem Koha
        Biblioteca del Ateneo de Madrid Biblioteca del Ateneo de Madrid Depósito 2 17/01/2008     C-23802 1128852 23/02/2023 23/02/2023 Libro impreso